Statistics for Miami Heat All-NBA Players

Click here to take the quiz!

General Stats

  • This quiz has been taken 197 times
    (174 since last reset)
  • The average score is 6 of 6

Answer Stats

Player% Correct
Dwyane Wade
100%
LeBron James
100%
Jimmy Butler
96%
Shaquille O'Neal
96%
Alonzo Mourning
89%
Tim Hardaway
73%

Score Distribution

Percentile by Number Answered

Percent of People with Each Score

Your Score History

You have not taken this quiz since the last reset